Mars - Un jour, un prénom, une personnalité - Statistiques

Statistiques générales
  • Ce quiz a été pris 76 fois
  • Le résultat moyen est 9 sur 31
Statistiques - réponses
Jour Saint(e) Indice Initiale Nom % Correct
2 Charles Chanteur A Aznavour
89%
18 Cyril Cuisinier L Lignac
88%
22 Léa Journaliste S Salamé
77%
31 Benjamin Chanteur B Biolay
76%
8 Jean Acteur D Dujardin
68%
14 Mathilde Actrice S Seigner
65%
20 Herbert Chanteur L Léonard
59%
12 Justine Tenniswoman H Hénin
56%
25 Umberto Ecrivain E Ecco
55%
9 Françoise Médecin D Dolto
48%
24 Catherine Actrice F Frot
47%
15 Louise Actrice B Bourgoin
45%
6 Colette Athlète B Besson
35%
23 Alphonse Ecrivain A Allais
26%
19 Joseph Cinéaste L Losey
21%
7 Ethan Réalisateur C Coen
20%
17 Patrick Ecrivain C Cauvin
12%
3 Marin Compositeur M Marais
12%
27 Rupert Journaliste M Murdoch
12%
16 Bénédicte Actrice D Delmas
11%
1 Aubin Rugbyman H Hueber
11%
21 Clémence Ecrivain B Boulouque
2%
5 Conon Trouvère B de Béthune
2%
10 Vivien Kayakiste F Follath
2%
4 Roméo Footballeur B Benetti
0%
29 Gladys Actrice C Cooper
0%
30 Amédée Amiral C Courbet
0%
28 Jeanne-Marie Ecrivain LB Leprince de Beaumont
0%
13 Rodrigue Basketteur M Mels
0%
11 Rosine Actrice R Rochette
0%
26 Larissa Actrice W Wilson
0%
Aucun quiz correspondant
Distribution des résultats
% des personnes avec chaque résultat
Percentile par nombre de réponses
Votre historique - résultats
Vous n’avez pas pris ce quiz